[Event "DM 2023 G5-1 Grp1"]
[Site "Svendborg"]
[Date "2023.04.05"]
[Round "5"]
[White "Svendsen, Peter Willer"]
[Black "Leimand, Peter Martin"]
[Result "0-1"]
[WhiteElo "1920"]
[BlackElo "1946"]
[PlyCount "68"]
[EventDate "2023.04.01"]
[EventType "swiss"]
[EventRounds "5"]
[EventCountry "DEN"]
[SourceTitle "Live v. Kasper Jerwiarz"]

1. e4 e6 2. d4 d5 3. exd5 exd5 4. Bd3 Nf6 5. Nf3 Bd6 6. O-O O-O 7. Re1 Bg4 8.
Bg5 h6 9. Bh4 Nbd7 10. Nbd2 c5 11. c3 Rc8 12. h3 Be6 13. Ne5 Qb6 14. dxc5 Nxc5
15. Nb3 Nxd3 16. Qxd3 Ne4 17. Qd4 Qc7 18. Nd3 g5 19. f3 Bh2+ 20. Kh1 gxh4 21.
fxe4 Bg3 22. Re2 Qd7 23. Ndc5 Qb5 24. Nxe6 fxe6 25. Qd1 dxe4 26. Rxe4 Rf2 27.
Nd4 Qd5 28. Qg4+ Kh7 29. Qxe6 Qxe6 30. Rxe6 Rxb2 31. Rf1 Rxc3 32. Nf5 Rf2 33.
Rxh6+ Kg8 34. Rxf2 Rc1+ 0-1

[Event "DM 2023 G5-1 Grp1"]
[Site "Svendborg"]
[Date "2023.04.05"]
[Round "5"]
[White "Justesen, Asger"]
[Black "Snedker, Oliver Kaehne"]
[Result "1-0"]
[WhiteElo "1812"]
[BlackElo "1857"]
[PlyCount "99"]
[EventDate "2023.04.01"]
[EventType "swiss"]
[EventRounds "5"]
[EventCountry "DEN"]
[SourceTitle "Live v. Kasper Jerwiarz"]

1. Nf3 d5 2. g3 Nf6 3. Bg2 c6 4. d3 Nbd7 5. c4 dxc4 6. dxc4 e5 7. O-O Qc7 8.
Nbd2 h6 9. Qc2 Bc5 10. a3 a5 11. b3 O-O 12. Rb1 Ng4 13. b4 Bxf2+ 14. Rxf2 Nxf2
15. Kxf2 f5 16. c5 e4 17. Qb3+ Kh8 18. Nh4 Ne5 19. Bb2 Ng4+ 20. Kg1 Qf7 21.
Qxf7 Rxf7 22. Bd4 axb4 23. axb4 Be6 24. h3 Rd7 25. e3 Ne5 26. Nb3 Nf7 27. Na5
Kh7 28. Rf1 g6 29. Rf2 Rd5 30. Bf1 Ne5 31. Be2 Rxa5 32. bxa5 Nd7 33. Ng2 Nf8
34. Nf4 Rd8 35. a6 bxa6 36. Bxa6 Rb8 37. Rb2 Rxb2 38. Bxb2 Bd7 39. Kf2 Ne6 40.
Nxe6 Bxe6 41. h4 Kg8 42. Ke2 Kf7 43. Be5 g5 44. Kd2 Kg6 45. Kc3 Kh5 46. Be2+
Kg6 47. Kd4 Bd7 48. Bc7 Be6 49. Ke5 Bd5 50. Bd8 1-0

[Event "DM 2023 G5-1 Grp1"]
[Site "Svendborg"]
[Date "2023.04.05"]
[Round "5"]
[White "Leimand, Hans Erik"]
[Black "Jacobsen, Hans Endrup"]
[Result "0-1"]
[WhiteElo "1740"]
[BlackElo "1892"]
[PlyCount "152"]
[EventDate "2023.04.01"]
[EventType "swiss"]
[EventRounds "5"]
[EventCountry "DEN"]
[SourceTitle "Live v. Kasper Jerwiarz"]

1. c4 e5 2. Nc3 Nc6 3. d3 Bc5 4. e3 a6 5. a3 d6 6. b4 Ba7 7. Nf3 f5 8. Be2 Nf6
9. Qc2 O-O 10. O-O Qe8 11. Nd5 Qd7 12. Bb2 Ne7 13. Nxe7+ Qxe7 14. Ne1 f4 15.
exf4 exf4 16. Bf3 c6 17. d4 d5 18. cxd5 Nxd5 19. Bxd5+ cxd5 20. Nf3 Bf5 21. Qb3
Qd6 22. Rfe1 Kh8 23. Re5 Rad8 24. Rae1 h6 25. Nh4 Be4 26. f3 Bh7 27. Re6 Qc7
28. Ng6+ Bxg6 29. Rxg6 Rd6 30. Rxd6 Qxd6 31. Qd3 b5 32. Kf2 g6 33. g3 fxg3+ 34.
hxg3 Kg7 35. Qe3 Rf7 36. Qe5+ Qxe5 37. Rxe5 Rf5 38. Re6 Rf6 39. Re7+ Rf7 40.
Re6 Bb8 41. Rc6 Rc7 42. Rxc7+ Bxc7 43. Bc3 Kf6 44. Bd2 h5 45. g4 Bd8 46. Kg3
Ke6 47. Kh3 Bf6 48. Be3 hxg4+ 49. fxg4 Bd8 50. Bd2 Bb6 51. Bc3 Kf7 52. Kg2 Bd8
53. Bd2 Bf6 54. Be3 Bh4 55. Bd2 Kf6 56. Kf3 Ke6 57. Kg2 Bf6 58. Be3 Kd6 59. Kg3
Kc6 60. Kf3 Kb6 61. g5 Bg7 62. Bf4 Bxd4 63. Bd6 Kc6 64. Be7 Kd7 65. Bf6 Bxf6
66. gxf6 Ke6 67. Ke3 Kxf6 68. Kd4 Ke6 69. Kc5 g5 70. Kb6 g4 71. Kxa6 g3 72.
Kxb5 g2 73. Kc6 g1=Q 74. b5 Qc1+ 75. Kb7 Qxa3 76. b6 Qa5 0-1

[Event "DM 2023 G5-1 Grp1"]
[Site "Svendborg"]
[Date "2023.04.05"]
[Round "5"]
[White "Paludan, Noah"]
[Black "Knudsen, Martin Mosgaard"]
[Result "1-0"]
[WhiteElo "1716"]
[BlackElo "1659"]
[PlyCount "89"]
[EventDate "2023.04.01"]
[EventType "swiss"]
[EventRounds "5"]
[EventCountry "DEN"]
[SourceTitle "Live v. Kasper Jerwiarz"]

1. e4 e6 2. d4 d5 3. e5 c5 4. c3 Nc6 5. Nf3 Bd7 6. Bd3 Qb6 7. dxc5 Bxc5 8. O-O
f6 9. b4 Be7 10. Re1 Qc7 11. Bf4 g5 12. Bg3 f5 13. Nxg5 h5 14. Bf4 Qd8 15. Nf3
Qc7 16. a4 Nh6 17. h3 Nf7 18. Na3 O-O-O 19. Nb5 Qb8 20. Rc1 Rdg8 21. Qd2 h4 22.
Bxf5 Rg7 23. Bg4 Rhg8 24. Nbd4 Rg6 25. Nxc6 bxc6 26. Nd4 Ng5 27. Qd3 Kd8 28.
Bxg5 Rxg5 29. b5 c5 30. Nc6+ Bxc6 31. bxc6 Rxe5 32. Rxe5 Qxe5 33. Qh7 Rg7 34.
Qh8+ Kc7 35. Qa8 Bf6 36. Rb1 c4 37. Qxa7+ Kd6 38. Qb8+ Rc7 39. a5 Kxc6 40. Rb6+
Kd7 41. Rxe6 Qxe6 42. Bxe6+ Kd6 43. a6 Bd4 44. cxd4 c3 45. Bf5 1-0

[Event "DM 2023 G5-1 Grp1"]
[Site "Svendborg"]
[Date "2023.04.05"]
[Round "5"]
[White "Velarde, Andrew"]
[Black "Skytte, Robert"]
[Result "1/2-1/2"]
[WhiteElo "1776"]
[BlackElo "1691"]
[PlyCount "96"]
[EventDate "2023.04.01"]
[EventType "swiss"]
[EventRounds "5"]
[EventCountry "DEN"]
[SourceTitle "Live v. Kasper Jerwiarz"]

1. e4 c6 2. d4 d5 3. exd5 cxd5 4. Bd3 Nc6 5. c3 Nf6 6. Bf4 Bg4 7. Qb3 Qd7 8.
Nd2 e6 9. Ngf3 Bd6 10. Ne5 Qc7 11. Nxg4 Nxg4 12. Bxd6 Qxd6 13. h3 Nf6 14. Nf3
O-O 15. Qc2 Rac8 16. a3 Rfe8 17. O-O e5 18. dxe5 Nxe5 19. Nxe5 Rxe5 20. Qd2
Rce8 21. Rad1 Rd8 22. Rfe1 Rxe1+ 23. Rxe1 g6 24. Re3 d4 25. Rf3 dxc3 26. Qxc3
Nd5 27. Qb3 Re8 28. g3 Re1+ 29. Kg2 b6 30. Bc4 Nf6 31. Bxf7+ Kg7 32. Bc4 Rc1
33. Bg8 Nxg8 34. Qf7+ Kh6 35. Qxg8 Rb1 36. Qb3 Qe5 37. Qb4 Rxb2 38. Qf8+ Kg5
39. h4+ Kh5 40. Qf7 Kh6 41. g4 Qd6 42. g5+ Kh5 43. Qxh7+ Kg4 44. Qg7 Qd5 45.
Qc3 Rc2 46. Qb4+ Rc4 47. Qf8 Qe4 48. Qf7 Rc3 1/2-1/2

[Event "DM 2023 G5-1 Grp1"]
[Site "Svendborg"]
[Date "2023.04.05"]
[Round "5"]
[White "Yildiz, Hasan"]
[Black "Hansen, Jorgen Frank"]
[Result "1-0"]
[WhiteElo "1951"]
[BlackElo "1736"]
[PlyCount "97"]
[EventDate "2023.04.01"]
[EventType "swiss"]
[EventRounds "5"]
[EventCountry "DEN"]
[SourceTitle "Live v. Kasper Jerwiarz"]

1. c4 e5 2. Nc3 b6 3. Nf3 Nc6 4. g3 Bb7 5. Bg2 Nf6 6. Nxe5 Nxe5 7. Bxb7 Rb8 8.
Ba6 c6 9. d4 Ng6 10. h4 h5 11. Bg5 Be7 12. d5 Ng8 13. dxc6 dxc6 14. Qa4 Qd6 15.
Rd1 Qe6 16. Nd5 Kf8 17. Nc7 Qe4 18. Bxe7+ N8xe7 19. Rg1 Qe5 20. Rd7 Qxb2 21.
Qd1 Kg8 22. Kf1 Qe5 23. Qd3 Nf8 24. f4 Qc5 25. Rd4 Nf5 26. Re4 Qd6 27. Re5 Qxc7
28. Qxf5 Ng6 29. Re3 Rd8 30. Kf2 Qd7 31. Qe4 Qd4 32. Qxc6 Kh7 33. Kf3 Rd6 34.
Qb5 Rhd8 35. Qxh5+ Kg8 36. Qf5 Rf6 37. Qe4 Ne5+ 38. Qxe5 Qd2 39. Qc3 Qxa2 40.
Ra1 Qd2 41. Qxd2 Rxd2 42. Bb5 a5 43. g4 Rd8 44. Re5 Kf8 45. c5 bxc5 46. Rxc5
Ra8 47. Ra4 Rb6 48. Bd3 Rb4 49. Raxa5 1-0